00755 a2200205 4500010001400000020002300014035001300037037001800050082001200068090001500080100001400095245004900109260004900158270008500207300003100292500004800323942002700371999001500398952013600413 aENG-85880 a8131301257c695.00 aEN-69413 bD.B.Act / Pub14a341.762 c3610d361014aBhatt, S.1 aInternational environmental lawcby S. Bhatt aNew DelhibAPH Publishing Corporatioonc2007 a5, Ansari Road, Darya GanjbNew Delhie110 002k011- 23274050maphbooks@vsnl.net axiii, 288 p.b22 cm ( Hb.) aIncludes bibliographical refrence and index adplcENk341.762 / BHA c3539d3539 00102ddc40718NFICaDBADbDBADeDBAD/PUBg695.00l0o341.762 BHApEN-69413r2008-09-15 00:00:00t1u3770v695.00w2008-09-15yEN